000 00498nam a2200169Ia 4500
003 OSt
005 20200821110854.0
008 190216s9999||||xx |||||||||||||| ||und||
020 _a9780070617889
040 _coclc
082 _a620.5
_bPRA/N
100 _aPradeep, T
_94254
245 0 _aNano:
_bThe Essentials /
_cT Pradeep
260 _bMc Graw Hill Education (india) Private Limited,
_c2012.
_aNew Delhi:
300 _a444p
942 _cBK
_2ddc
_h620.5
_iPRA/N
_k620.5
_mPRA/N
999 _c3627
_d3627